| 000 | 00872 a2200205 4500 | ||
|---|---|---|---|
| 999 |
_c7326 _d7326 |
||
| 020 | _a0958434794 (pbk.) | ||
| 050 | 0 | 0 | _aKTL789 MEY 2004 |
| 100 | 1 | _aMeyerowitz, David. | |
| 245 | 1 | 4 |
_aThe Law and Practice of Administration of Estates and Estate Duty / _cby D. Meyerowitz. |
| 250 | _a2004 ed. | ||
| 264 |
_aCape Town: _bThe Taxpyer. _c2004 |
||
| 300 | _a1 v. (various pagings) ; | ||
| 500 | _a"Including drafting and execution of wills, intestate succession, minors, absent persons, mental patients, trusts and trustees, fiduciaries and usufructuaries." | ||
| 504 | _aIncludes bibliographical references and indexes. | ||
| 650 | 0 | _aExecutors and administrators | |
| 650 | 0 |
_aInheritance and transfer tax _xLaw and legislation |
|
| 650 | 0 | _aEstates (Law) | |
| 942 |
_2lcc _cBK _e2004 ed. _h879 _iMEY _kKTL |
||